Slovenská ekonomika ako faktor podnikovej výkonnosti - vývoj a komparácia v európskom priestore

Aktuálny stav a vývoj slovenskej republiky ako jedného z faktorov, ktorý vplýva významnou mierou na podnikovú výkonnosť. Konfrontácia s výsledkami vybraných ekonomík - Nemecka a krajín V4.

Na minha lista:
Detalhes bibliográficos
Autor principal: Tučníková, Daniela
Formato: Capítulo de Livro
Idioma:eslovaco
Assuntos:
Tags: Adicionar Tag
Sem tags, seja o primeiro a adicionar uma tag!

MARC

LEADER 00000naa$a2200000$$$4500
001 0194851
005 20240603073054.3
041 0 |a slo 
044 |a SK 
245 1 0 |a Slovenská ekonomika ako faktor podnikovej výkonnosti - vývoj a komparácia v európskom priestore  |c Daniela Tučníková 
520 |a Aktuálny stav a vývoj slovenskej republiky ako jedného z faktorov, ktorý vplýva významnou mierou na podnikovú výkonnosť. Konfrontácia s výsledkami vybraných ekonomík - Nemecka a krajín V4. 
610 2 0 |a výkonnosť podniku 
610 2 0 |a funkcie podniku ekonomické 
610 2 0 |a meranie výkonnosti 
610 2 0 |a produktivita 
610 2 0 |a výkonnosť ekonomiky 
610 2 0 |a výkony podnikové 
610 2 0 |a Slovensko 
610 2 0 |a Nemecko 
610 2 0 |a Vyšehradská štvorka 
100 1 |a Tučníková, Daniela